| 000 | 02623nam0a2200385 4500 | ||
|---|---|---|---|
| 001 | RU\NLR\BIBL_A\012054231 | ||
| 005 | 20250828140147.0 | ||
| 010 |
_a978-5-9228-2085-1 _9500 |
||
| 021 |
_aRU _bКН-П-19-042662 _9КН-П-19-3126 |
||
| 035 | _a(NLR Aleph) 012054231 | ||
| 035 | _a(RuMoRGB)010007060 | ||
| 090 |
_a11667214 _c11667214 |
||
| 100 | _a20190708d2019 k y0rusy50 ca | ||
| 101 | 0 | _arus | |
| 102 | _aRU | ||
| 105 | _ay|||zzzz000zy | ||
| 200 | 1 |
_aКонституционно-правовой механизм применения норм международного права в зарубежных странах _eмонография _f[И. А. Ракитская, Ю. И. Лейбо, Е. Я. Павлов и др.] _gпод редакцией кандидата юридических наук, доцента К. В. Карпенко _gФедеральное государственное автономное образовательное учреждение высшего образования "Московский государственный институт международных отношений (университет) Министерства иностранных дел Российской Федерации", Кафедра конституционного права |
|
| 210 |
_aМосква _cМГИМО-Университет _d2019 |
||
| 215 |
_a300, [1] с. _d20 |
||
| 225 | 1 | _aКонституционное право зарубежных стран | |
| 320 | _aБиблиогр. в конце кн. | ||
| 606 | 1 |
_aМеждународное право _xНормы _xПрименение _yЗарубежные страны _92432802 _3RU\NLR\AUTH\661447896 |
|
| 610 | 0 | _aнормы международного права | |
| 686 | 1 | _aХ91г(0) | |
| 701 | 1 |
_7ca _8rus _aРакитская _bИ. А. _gИнна Александровна _92674159 _3RU\NLR\AUTH\770283388 |
|
| 701 | 1 |
_aЛейбо _bЮ. И. _gЮрий Иванович |
|
| 701 | 1 |
_7ca _8rus _aПавлов _bЕ. Я. _cд-р юрид. наук _gЕвгений Яковлевич _9190921 _3RU\NLR\AUTH\770190972 |
|
| 702 | 1 |
_aКарпенко _bК. В. _gКонстантин Викторович _4340 |
|
| 712 | 0 | 2 |
_4570 _aМосковский государственный институт международных отношений _bКафедра конституционного права _9544401 _3RU\NLR\AUTH\8810023186 |
| 942 | _cBOOK | ||
| 980 | _aNBR | ||
| 980 | _aNB | ||